P{ara Jig For Hybrid Glulam: (Record no. 364770)
[ view plain ]
| 000 -LEADER | |
|---|---|
| fixed length control field | 00253nam a2200097Ia 4500 |
| 008 - FIXED-LENGTH DATA ELEMENTS--GENERAL INFORMATION | |
| fixed length control field | 250110s9999 xx 000 0 und d |
| 041 ## - LANGUAGE CODE | |
| Language code of text/sound track or separate title | eng |
| 100 ## - MAIN ENTRY--PERSONAL NAME | |
| Personal name | Rahinj Sayali |
| 9 (RLIN) | 211055 |
| 245 ## - TITLE STATEMENT | |
| Title | P{ara Jig For Hybrid Glulam: |
| 260 ## - PUBLICATION, DISTRIBUTION, ETC. (IMPRINT) | |
| Name of publisher, distributor, etc. | BNCA M Arch m Digital |
| Withdrawn status | Lost status | Damaged status | Not for loan | Home library | Current library | Date acquired | Total Checkouts | Barcode | Date last seen | Bill Date | Koha item type | Original Barcode |
|---|---|---|---|---|---|---|---|---|---|---|---|---|
| Dr. Bhanuben Nanavati College of Architecture | Dr. Bhanuben Nanavati College of Architecture | 12/12/2024 | BNCA-PR-2270 | 10/01/2025 | 10/01/2025 | Project Reports | PR2270 |